000
00370nam a22001577a 4500
003
MPLRDC
005
20220104142633.0
008
210129b ||||| |||| 00| 0 eng d
082
_a
448.88 CLC
100
_a
陈连春编著
245
_a
电视技能检定总复习
_c
260
_a
_b
罗拔书局
_c
300
_b
平
650
_a
电视
942
_c
BK
_o
448.88 CLC
999
_c
32495
_d
32485